000 00688nam a2200193Ia 4500
008 090123s9999 xx 000 0 und d
082 _b12799
_a891.463/काकडे
100 _aकाकडे दत्तात्रय सदाशिव
245 _aअभिनेत्री
250 _a1
260 _bप्रिया प्रकाशन
300 _a160
600 _aकाकडे दत्तात्रय सदाशिव
630 _aअभिनेत्री
700 _aमेंगजी अशोक
700 _aकाकडे दत्तात्रय सदाशिव
730 _aअभिनेत्री
942 _cBOOK
999 _c50864
_d50864